Normal view
MARC view
Entry Personal Name
001 - CONTROL NUMBER
- control field: 1152576
003 - CONTROL NUMBER IDENTIFIER
- control field: OSt
005 - DATE AND TIME OF LATEST TRANSACTION
- control field: 20260324114909.0
008 - FIXED-LENGTH DATA ELEMENTS
- fixed length control field: 260324|| aca||aabn | a|a d
040 ## - CATALOGING SOURCE
- Original cataloging agency: OSt
- Transcribing agency: OSt
100 ## - HEADING--PERSONAL NAME
- Personal name: Ashadi; Joko Priyana; Basikin; Anita Triastuti; Nur Hidayanto Pancoro Setyo Putro
670 ## - SOURCE DATA FOUND
- Source citation: Work cat.: (OSt)1743046: Ashadi; Joko Priyana; Basikin; Anita Triastuti; Nur Hidayanto Pancoro Setyo Putro, Teacher Education and Professional Development In Industry 4.0
